000 00803nam a22002055i 4500
001 155633
003 ES-MaACL
005 20250809000518.0
008 990519s1895 fr |||| | fre d
040 _aCCPB | B
_bspa
_cCCPB | B
100 1 _aHubert-Valleroux, P.
_9128062
245 1 3 _aLe contrat de travail
_b: étude sur la législation qui régle les rapports entre les patrons et les ouvriers de l'industrie /
_cpar P. Hubert-Valleroux.
260 _aParis :
_bLibrairie Nouvelle de Droit et de Jurisprudence Arthur Rousseau, éditeur,
_c1895.
300 _a442 p. ;
_c22 cm.
500 1 _aPrix Rossi 1894.
650 7 _aDerecho laboral
_2embne
_9135885
752 _aFrancia -
_dParís
852 _aES-MaACL
_jB-3482
_z-- Enc. hol. conservando la cub. original
999 _c155633
_d155633